Statistics for Island Countries with a Unique First Letter

Click here to take the quiz!

General Stats

  • This quiz has been taken 30 times
  • The average score is 6 of 7

Answer Stats

ContinentCountry% Correct
North AmericaGrenada
86%
North AmericaHaiti
86%
EuropeUnited Kingdom
86%
North AmericaAntigua and Barbuda
83%
AsiaEast Timor
83%
OceaniaVanuatu
83%
OceaniaKiribati
76%

Score Distribution

Percentile by Number Answered

Percent of People with Each Score

Your Score History

You have not taken this quiz